| 000 | 00767nam a2200217 a 4500 | ||
|---|---|---|---|
| 005 | 20250523063817.0 | ||
| 008 | 060912s2005 mx r 000 0 spa d | ||
| 035 | _aUPN01000146924 | ||
| 049 | _aCG | ||
| 050 | 4 |
_aLC1091 _bR3.3 |
|
| 100 | 1 |
_aRamírez, Gloria _931307 |
|
| 245 | 1 | 3 |
_aLa educación ciudadana ante los retos de la democracia en México / _cGloria Ramírez. |
| 260 |
_aMéxico : _bUNESCO, _c2005. |
||
| 300 |
_a226 p. : _bgráfs. |
||
| 500 | _aIncluye bibliografía básica sobre educación para la democracia | ||
| 650 | 4 |
_aCiudadanía _xEstudio y enseñanza _910629 |
|
| 650 | 4 |
_aCivismo _xEstudio y enseñanza _95814 |
|
| 650 | 4 |
_aDerechos humanos _xEstudio y enseñanza _913360 |
|
| 650 | 4 |
_aDemocracia _xEstudio y enseñanza _95269 |
|
| 905 | _aLibro | ||
| 999 |
_c119070 _d119070 |
||